Partiti politici italiani - XIX Legislatura - Statistics

Statistiche generali
  • Questo quiz è stato fatto 122 volte
  • Il punteggio medio è 9 su 14
Statistiche sulle risposte
Seggi Camera Seggi Senato Collocazione Partito politico % Corretto
45 18 Centro-destra Forza Italia
99%
119 66 Destra Fratelli d'Italia
99%
69 40 Centro-sinistra Partito Democratico - Italia Democratica e Progressista
99%
66 29 Destra Lega per Salvini Premier
98%
52 28 Trasversalismo Movimento 5 Stelle
97%
21 9 Centro Azione - Italia Viva
91%
12 4 Centro / Centro-sinistra Alleanza Verdi e Sinistra
84%
7 2 Centro Noi Moderati
70%
2 0 Centro +Europa
69%
3 2 Centro Südtiroler Volkspartei - Partito Autonomista Trentino Tirolese
46%
1 1 Partito pigliatutto Sud chiama Nord
25%
1 0 Centro Impegno Civico – Centro Democratico
18%
1 1 Centro Movimento Associativo Italiani all'Estero
18%
1 0 Centro Vallée d'Aoste - Autonomie Progrès Fédéralisme
11%
Nessun quiz corrispondente trovato
Distribuzione punteggi
Percentuale di utenti per punteggio
Percentile per numero di risposta
I tuoi punteggi nel tempo
Non hai fatto questo quiz